000 00198 a2200097 4500
001 4132
100 _aFerris,C.D
245 _aLinear network theory
260 _a
_bMerrill
_c
090 _c3349
_d3349
942 _aNUST-CAE
_cM
_c26102
999 _c239205
_d239205